Atologous non - cultured melanocyte - keratinocyte transfer in stable vitiligo (Record no. 884308)

MARC details
000 -LEADER
fixed length control field 00998nam a2200265Ia 4500
003 - CONTROL NUMBER IDENTIFIER
control field OSt
005 - DATE AND TIME OF LATEST TRANSACTION
control field 20220930092809.0
008 - FIXED-LENGTH DATA ELEMENTS--GENERAL INFORMATION
fixed length control field 220926b |||||||| |||| 00| 0 eng d
037 ## - SOURCE OF ACQUISITION
Terms of availability Theses
040 ## - CATALOGING SOURCE
Original cataloging agency CRL
Transcribing agency CRL
Language of cataloging eng
041 ## - LANGUAGE CODE
Source of code eng
Language code of text/sound track or separate title eng
100 ## - MAIN ENTRY--PERSONAL NAME
Personal name Gupta Sumit
9 (RLIN) 541774
110 ## - MAIN ENTRY--CORPORATE NAME
Corporate name or jurisdiction name as entry element University OF Delhi. Faculty OF Medical Sciences. Department OF Dermatology, venereology and leprology
245 #0 - TITLE STATEMENT
Title Atologous non - cultured melanocyte - keratinocyte transfer in stable vitiligo
Remainder of title comparison of recipient site preparation by two techniques
260 ## - PUBLICATION, DISTRIBUTION, ETC.
Date of publication, distribution, etc. 2015
650 ## - SUBJECT ADDED ENTRY--TOPICAL TERM
Topical term or geographic name entry element SKIN - DISEASES
700 ## - ADDED ENTRY--PERSONAL NAME
Personal name Dr. Bijaylaxami Sahoo Gu.
9 (RLIN) 549707
700 ## - ADDED ENTRY--PERSONAL NAME
Personal name Dr. Vijay Kumar Gu.
9 (RLIN) 535899
700 ## - ADDED ENTRY--PERSONAL NAME
Personal name University OF Delhi. Faculty OF Medical Sciences. Department OF Dermatology, venereology and leprology
942 ## - ADDED ENTRY ELEMENTS (KOHA)
Koha item type Dissertations
Source of classification or shelving scheme Colon Classification (CC)
Holdings
Withdrawn status Lost status Damaged status Not for loan Home library Current library Date acquired Total Checkouts Barcode Date last seen Price effective from Koha item type
        Central Library Central Library 2022-09-30   TH0021643 2022-09-30 2022-09-30 Thesis
Copyright @ Delhi University Library System